[Event "London Classic op U1600 8th"]
[White "Clarkson, George"]
[Black "Oyama, Harunobu"]
[Site "London"]
[Round "5"]
[Result "1/2-1/2"]
[Date "2016.12.11"]
[WhiteElo "1352"]
[BlackElo "1546"]
[PlyCount "87"]
[EventDate "2016.12.09"]
[EventType "swiss"]
[EventRounds "5"]
[EventCountry "ENG"]
[SourceTitle "EXT 2019"]
[Source "ChessBase"]
[SourceDate "2018.10.10"]
[SourceVersion "1"]
[SourceVersionDate "2018.10.10"]
[SourceQuality "1"]

1. e4 c5 2. c3 Nf6 3. e5 Nd5 4. d4 e6 5. Bc4 Nb6 6. Bb3 cxd4 7. cxd4 d5 8. Nf3 Bb4+ 9. Bd2 Nc6 10. Bxb4 Nxb4 11. a3 Nc6 12. 0-0 0-0 13. Qd3 f5 14. exf6 Qxf6 15. Bc2 g6 16. Nbd2 Nd7 17. Rfe1 Rf7 18. Re3 Nf8 19. Ba4 Bd7 20. Nb3 Nxd4 21. Qxd4 Qxd4 22. Nbxd4 Bxa4 23. Nxe6 Nxe6 24. Rxe6 Rc8 25. Rd6 Bb3 26. Nd4 Bc4 27. b3 Bd3 28. Rxd5 Rcf8 29. Ne6 Re8 30. Rxd3 Rxe6 31. Rad1 Re2 32. f3 Rc7 33. Rd8+ Kf7 34. R1d7+ Re7 35. Rxc7 Rxc7 36. Rd3 Ke6 37. Kf2 h5 38. f4 Kf5 39. Kf3 b6 40. h3 a5 41. Rd5+ Ke6 42. Ke4 Rc2 43. g4 Re2+ 44. Kd3 1/2-1/2

[Event "London Classic op U1600 8th"]
[White "Stoyanov, Boris1"]
[Black "Oyama, Harunobu"]
[Site "London"]
[Round "3"]
[Result "1-0"]
[Date "2016.12.10"]
[WhiteElo "1367"]
[BlackElo "1546"]
[PlyCount "61"]
[EventDate "2016.12.09"]
[EventType "swiss"]
[EventRounds "5"]
[EventCountry "ENG"]
[SourceTitle "EXT 2019"]
[Source "ChessBase"]
[SourceDate "2018.10.10"]
[SourceVersion "1"]
[SourceVersionDate "2018.10.10"]
[SourceQuality "1"]

1. d4 Nf6 2. c4 g6 3. Nc3 Bg7 4. e4 d6 5. Nf3 0-0 6. Be2 Nc6 7. Be3 e5 8. d5 Ne7 9. 0-0 Ng4 10. Qd2 Nxe3 11. Qxe3 f5 12. Qg5 h6 13. Qd2 f4 14. Qc2 g5 15. Qb3 Ng6 16. h3 h5 17. Kh2 g4 18. Ng1 Qg5 19. g3 h4 20. Nb5 hxg3+ 21. fxg3 fxg3+ 22. Qxg3 Qd2 23. Rxf8+ Bxf8 24. Qf2 Nf4 25. Rf1 Bd7 26. Nxc7 Rc8 27. Ne6 Bxe6 28. dxe6 Rxc4 29. Bxc4 Qxf2+ 30. Rxf2 Be7 31. hxg4 1-0

[Event "Hampstead op U2200 11-B"]
[White "Oyama, Harunobu"]
[Black "Millward, David J"]
[Site "Hampstead"]
[Round "1"]
[Result "0-1"]
[Date "2013.11.30"]
[WhiteElo "1558"]
[BlackElo "1921"]
[PlyCount "116"]
[EventDate "2013.11.30"]
[EventType "swiss"]
[EventRounds "5"]
[EventCountry "ENG"]
[SourceTitle "EXT 2015"]
[Source "ChessBase"]
[SourceDate "2014.11.20"]
[SourceVersion "1"]
[SourceVersionDate "2014.11.20"]
[SourceQuality "1"]

1. e4 d5 2. exd5 Qxd5 3. d4 Nf6 4. c4 Qd8 5. Nc3 c6 6. Nf3 Bg4 7. Be2 e6 8. 0-0 Nbd7 9. d5 cxd5 10. cxd5 exd5 11. Nxd5 Bd6 12. Nxf6+ Nxf6 13. Bb5+ Kf8 14. Qb3 Be6 15. Bc4 Bxc4 16. Qxc4 Rc8 17. Qb3 Qc7 18. Bd2 h6 19. Rac1 Qd7 20. Rxc8+ Qxc8 21. Rc1 Qd7 22. Bb4 Bxb4 23. Qxb4+ Kg8 24. Qb3 Kh7 25. Rd1 Qc7 26. Qd3+ Kg8 27. Qd6 Qxd6 28. Rxd6 Kh7 29. Kf1 Rc8 30. Nd4 Rc1+ 31. Ke2 Rb1 32. Nb3 Rxb2+ 33. Rd2 Rb1 34. Nc5 Rb5 35. Nd7 Nxd7 36. Rxd7 Kg6 37. g3 Kf6 38. Kd1 Ke6 39. Rd2 Rd5 40. h4 b5 41. Kc2 Rxd2+ 42. Kxd2 Kd5 43. Kc3 a5 44. a3 h5 45. f3 f5 46. Kd3 g6 47. Kc3 Kc5 48. Kd3 b4 49. axb4+ axb4 50. Ke3 b3 51. Kf4 b2 52. Kg5 b1Q 53. Kxg6 Qd1 54. Kxh5 Qxf3+ 55. Kh6 Qxg3 56. h5 Kd6 57. Kh7 Ke6 58. h6 Kf7 0-1

[Event "Hampstead op U2200 10"]
[White "Lovell, William Pm"]
[Black "Oyama, Harunobu"]
[Site "Hampstead"]
[Round "5"]
[Result "0-1"]
[Date "2013.10.27"]
[WhiteElo "1503"]
[BlackElo "1552"]
[PlyCount "134"]
[EventDate "2013.10.26"]
[EventType "swiss"]
[EventRounds "5"]
[EventCountry "ENG"]
[SourceTitle "EXT 2015"]
[Source "ChessBase"]
[SourceDate "2014.11.20"]
[SourceVersion "1"]
[SourceVersionDate "2014.11.20"]
[SourceQuality "1"]

1. e4 c5 2. Nc3 Nc6 3. f4 g6 4. Nf3 Bg7 5. Bc4 e6 6. 0-0 Nge7 7. Qe1 0-0 8. d3 d5 9. Bb3 Nd4 10. Nxd4 cxd4 11. Nd1 dxe4 12. dxe4 Bd7 13. Qh4 Nc6 14. Qh3 e5 15. f5 Na5 16. Bh6 Nxb3 17. Bxg7 Kxg7 18. axb3 f6 19. Qg3 Qb6 20. Kh1 Qc6 21. Qd3 gxf5 22. exf5 Kh8 23. c3 Rg8 24. Rf2 Rg5 25. cxd4 exd4 26. Qxd4 Bxf5 27. Ne3 Rag8 28. Rg1 Be4 29. Qxf6+ Qxf6 30. Rxf6 Rb5 31. Rf4 Re8 32. Ng4 Bc6 33. b4 Re2 34. Rf8+ Kg7 35. Rc8 Rxb4 36. Rc7+ Kg6 37. Rc8 Rbxb2 38. Rg8+ Kf7 39. Nh6+ Ke6 40. Rg7 a5 41. Rg3 a4 42. Ng8 a3 43. Rxa3 Bxg2+ 44. Rxg2 Rxg2 45. Re3+ Kf7 46. Nh6+ Kf6 47. Rf3+ Ke6 48. Re3+ Kd5 49. Nf7 Rxh2+ 50. Kg1 Rbg2+ 51. Kf1 Ra2 52. Kg1 Rhd2 53. Kf1 Rf2+ 54. Ke1 Rxf7 55. Rd3+ Kc4 56. Rh3 Rg7 57. Rh4+ Kd3 58. Rh3+ Ke4 59. Rh4+ Kf3 60. Rh3+ Rg3 61. Rxg3+ Kxg3 62. Kd1 h5 63. Kc1 h4 64. Kb1 Rg2 65. Kc1 h3 66. Kd1 h2 67. Ke1 h1R# 0-1

[Event "Hampstead op U2200 07"]
[White "Landau, Jonathan"]
[Black "Oyama, Harunobu"]
[Site "Hampstead"]
[Round "2"]
[Result "1-0"]
[Date "2013.07.20"]
[WhiteElo "1922"]
[BlackElo "1598"]
[PlyCount "105"]
[EventDate "2013.07.20"]
[EventType "swiss"]
[EventRounds "5"]
[EventCountry "ENG"]
[SourceTitle "EXT 2023"]
[Source "ChessBase"]
[SourceDate "2022.10.05"]
[SourceVersion "1"]
[SourceVersionDate "2022.10.05"]
[SourceQuality "1"]

1. e4 c5 2. Nf3 Nc6 3. d4 cxd4 4. Nxd4 d5 5. exd5 Qxd5 6. Be3 e6 7. Be2 Nf6 8. 0-0 Be7 9. Bf3 Qd7 10. Nxc6 bxc6 11. Nc3 0-0 12. Qe2 Nd5 13. Rfd1 Nxc3 14. bxc3 Qc7 15. Qc4 Bb7 16. Rab1 Rfd8 17. Rxd8+ Bxd8 18. g3 Be7 19. Bf4 Qc8 20. Qd3 Ba6 21. Qe4 Qe8 22. Qxc6 Qxc6 23. Bxc6 Rc8 24. Bb7 Bxb7 25. Rxb7 Bc5 26. Rc7 Rxc7 27. Bxc7 Kf8 28. Be5 g6 29. Bd4 Bb6 30. Bxb6 axb6 31. Kf1 Ke7 32. Ke2 Kd6 33. Kd3 Kc5 34. f4 f5 35. a4 Kd5 36. c4+ Kc5 37. Kc3 h6 38. h4 h5 39. Kb3 Kd4 40. Kb4 Ke3 41. Kb5 Kf3 42. c5 bxc5 43. a5 Kxg3 44. a6 Kxf4 45. a7 Kg4 46. a8Q Kxh4 47. Qh1+ Kg5 48. Qg2+ Kf6 49. Kxc5 g5 50. Kd6 g4 51. Qe2 f4 52. Qe5+ Kg6 53. Qxf4 1-0

[Event "Hampstead op U2200 04"]
[White "Oyama, Harunobu"]
[Black "Hung, Jake"]
[Site "Hampstead"]
[Round "3"]
[Result "1-0"]
[Date "2013.04.20"]
[WhiteElo "1598"]
[BlackElo "1675"]
[PlyCount "103"]
[EventDate "2013.04.20"]
[EventType "swiss"]
[EventRounds "5"]
[EventCountry "ENG"]
[SourceTitle "EXT 2014"]
[Source "ChessBase"]
[SourceDate "2013.11.20"]
[SourceVersion "1"]
[SourceVersionDate "2013.11.20"]
[SourceQuality "1"]

1. e4 c6 2. d4 d5 3. exd5 cxd5 4. Bd3 Nc6 5. c3 Nf6 6. Bf4 a6 7. Nd2 e6 8. Ngf3 Bd6 9. Ne5 0-0 10. 0-0 Bd7 11. Ndf3 Qc7 12. Qc2 Rfc8 13. Qe2 b5 14. Nxd7 Qxd7 15. Ne5 Qc7 16. a3 Na5 17. Rae1 Nc4 18. Bg5 Qe7 19. Ng4 a5 20. Nxf6+ gxf6 21. Qh5 Kf8 22. Qxh7 Ke8 23. Qh8+ Kd7 24. Qxf6 Qxf6 25. Bxf6 Nd2 26. Bxb5+ Kc7 27. Re3 Nxf1 28. Kxf1 Bxh2 29. g3 a4 30. Kg2 Bxg3 31. Rxg3 Kb6 32. Bd3 Kc6 33. Be7 Re8 34. Bb4 f6 35. Rg6 Rg8 36. Kf3 Rxg6 37. Bxg6 Rh8 38. Ke2 Kd7 39. Bd3 Kc6 40. c4 Rh3 41. cxd5+ Kxd5 42. Bc3 e5 43. dxe5 fxe5 44. f3 Rh2+ 45. Ke3 Rh4 46. Be4+ Ke6 47. Kd3 Rh8 48. Kc4 Rb8 49. Kc5 Rb3 50. Bd5+ Kf5 51. Bxb3 axb3 52. Kd5 1-0

[Event "Hampstead op U2200 04"]
[White "Oyama, Harunobu"]
[Black "Landau, Jonathan"]
[Site "Hampstead"]
[Round "1"]
[Result "0-1"]
[Date "2013.04.20"]
[WhiteElo "1598"]
[BlackElo "2026"]
[PlyCount "66"]
[EventDate "2013.04.20"]
[EventType "swiss"]
[EventRounds "5"]
[EventCountry "ENG"]
[SourceTitle "EXT 2014"]
[Source "ChessBase"]
[SourceDate "2013.11.20"]
[SourceVersion "1"]
[SourceVersionDate "2013.11.20"]
[SourceQuality "1"]

1. e4 e5 2. Nf3 Nc6 3. Nc3 Nf6 4. d4 exd4 5. Nxd4 Bb4 6. Nxc6 bxc6 7. Bd3 d5 8. exd5 Qe7+ 9. Qe2 Qxe2+ 10. Kxe2 cxd5 11. Bg5 c6 12. Bxf6 gxf6 13. Na4 Bg4+ 14. f3 Bh5 15. c3 Bd6 16. Bf5 Bg6 17. Bh3 f5 18. Kf2 0-0 19. Rad1 Rfe8 20. c4 Rad8 21. cxd5 cxd5 22. g3 f4 23. g4 Bc2 24. Rd4 Be5 25. Rhd1 Bxd4+ 26. Rxd4 Bxa4 27. Rxa4 d4 28. Bf1 d3 29. Re4 Rxe4 30. fxe4 d2 31. Be2 d1Q 32. Bxd1 Rxd1 33. Ke2 Rh1 0-1

[Event "Hampstead op U2200 02"]
[White "Price, Andrew"]
[Black "Oyama, Harunobu"]
[Site "Hampstead"]
[Round "3"]
[Result "1-0"]
[Date "2013.02.16"]
[WhiteElo "1874"]
[BlackElo "1584"]
[PlyCount "56"]
[EventDate "2013.02.16"]
[EventType "swiss"]
[EventRounds "5"]
[EventCountry "ENG"]
[SourceTitle "EXT 2014"]
[Source "ChessBase"]
[SourceDate "2013.11.20"]
[SourceVersion "1"]
[SourceVersionDate "2013.11.20"]
[SourceQuality "1"]

1. Nf3 Nf6 2. d4 g6 3. Bg5 Bg7 4. Nbd2 h6 5. Bf4 d6 6. h3 Nfd7 7. c3 Nc6 8. e3 e5 9. Bh2 0-0 10. Be2 f5 11. dxe5 Ndxe5 12. Nd4 Bd7 13. Qb3+ Kh8 14. 0-0 g5 15. N2f3 Nxf3+ 16. Bxf3 Nxd4 17. cxd4 g4 18. hxg4 fxg4 19. Be4 Rb8 20. Rac1 Bf5 21. Bxf5 Rxf5 22. Qe6 Rb5 23. b3 h5 24. Qf7 Rc8 25. d5 Rxd5 26. Qxd5 h4 27. Qh5+ Kg8 28. Qxg4 Qe7 1-0

[Event "Hampstead U2200 op 2nd"]
[White "Giles, Yasmin"]
[Black "Oyama, Harunobu"]
[Site "Hampstead"]
[Round "2"]
[Result "1-0"]
[Date "2012.11.24"]
[WhiteElo "1827"]
[BlackElo "1602"]
[PlyCount "121"]
[EventDate "2012.11.24"]
[EventType "swiss"]
[EventRounds "5"]
[EventCountry "ENG"]
[SourceTitle "EXT 2019"]
[Source "ChessBase"]
[SourceDate "2018.10.10"]
[SourceVersion "1"]
[SourceVersionDate "2018.10.10"]
[SourceQuality "1"]

1. e4 c5 2. Nc3 Nc6 3. f4 g6 4. Nf3 Bg7 5. Bb5 Nd4 6. 0-0 Nxb5 7. Nxb5 Qb6 8. Nc3 e6 9. Kh1 Ne7 10. d3 0-0 11. Qe1 d5 12. Qg3 f5 13. e5 d4 14. Nb1 Bd7 15. Na3 Nd5 16. Qf2 Bb5 17. Nxb5 Qxb5 18. Qh4 Qd7 19. Qf2 Bh6 20. Qg3 Qg7 21. Bd2 Kf7 22. Rfd1 Rg8 23. Rac1 Ne3 24. Bxe3 dxe3 25. Re1 g5 26. fxg5 Bxg5 27. Nxg5+ Qxg5 28. Qxg5 Rxg5 29. Rxe3 Rag8 30. Re2 f4 31. Rf1 Rf5 32. Re4 Rg4 33. Rf3 Ke7 34. Kg1 Rfg5 35. Re2 Kd7 36. Kf1 Kc6 37. h3 Rh4 38. Re4 Rf5 39. c4 a5 40. a4 b6 41. Kf2 h6 42. Kf1 Kd7 43. g4 Rf7 44. Kg2 h5 45. Rexf4 Rg7 46. Rf7+ Rxf7 47. Rxf7+ Ke8 48. Rf4 hxg4 49. Rxg4 Rh5 50. Re4 Kf7 51. h4 Kg6 52. Kg3 Kf5 53. Rg4 Kxe5 54. Rg5+ Rxg5+ 55. hxg5 Kf5 56. Kh4 Kg6 57. Kg4 Kg7 58. Kh5 Kh7 59. g6+ Kg7 60. Kg5 Kg8 61. Kf6 1-0

[Event "London e2e4 Diamond Jubilee op-B"]
[White "Oyama, Harunobu"]
[Black "Pitkeathly, Hamish"]
[Site "London"]
[Round "7"]
[Result "1-0"]
[Date "2012.05.06"]
[WhiteElo "1629"]
[BlackElo "1470"]
[PlyCount "63"]
[EventDate "2012.06.02"]
[EventType "swiss"]
[EventRounds "7"]
[EventCountry "ENG"]
[SourceTitle "EXT 2014"]
[Source "ChessBase"]
[SourceDate "2013.11.20"]
[SourceVersion "1"]
[SourceVersionDate "2013.11.20"]
[SourceQuality "1"]

1. e4 c5 2. Nc3 Nc6 3. Bb5 Qc7 4. d3 h6 5. f4 a6 6. Bxc6 Qxc6 7. Nf3 b5 8. 0-0 Bb7 9. Ne5 Qf6 10. Nd5 Bxd5 11. exd5 d6 12. Nc6 Kd7 13. c4 e6 14. a4 b4 15. a5 Ne7 16. Qa4 Kc7 17. Nxe7 Bxe7 18. Qc6+ Kb8 19. Be3 Qxb2 20. Rfb1 Qc3 21. Ra4 g6 22. Kh1 exd5 23. Bd4 Qd2 24. Bxh8 dxc4 25. Qe8+ Kb7 26. Qxe7+ Kc6 27. Qe4+ Kc7 28. Qxa8 Qc2 29. Qa7+ Kc6 30. Qxa6+ Kd5 31. Qxc4+ Qxc4 32. dxc4+ 1-0